008050000a220022900045001110119000002450094001193000011002134400037002246500024002616500030002856500026003156500024003416500023003656500033003886500035004216500038004566510013004940410014005070440013005212600032005342600009005662 aTaller nacional para la implementación del convenio de Basilea en ColombialBogotáffebrero 26 - marzo 2, 200110aMemorias del taller nacional para la implementación del convenio de Basilea en Colombia bCD-ROM 0aBiblioteca ambiental digital , 814aConvenio de Basilea14aConvenios internacionales14aSustancias peligrosas14aResiduos peligrosos14aResiduos tóxicos14aManejo de residuos tóxicos14aNormas ambientales colombianas14aGestión ambiental para residuos 4pColombia0 aEspañol aColombia aBogotábMinambientec2002 bUNEP